000 01563cam a2200361 a 4500
001 3396
003 FISKH
005 20240301134648.0
008 120320s2012 nyua b 001 0 eng
010 _a 2012009517
020 _a9780061998508 (acidfree paper)
020 _a9780099578659
040 _aDLC
_cDLC
_dDLC
_beng
042 _apcc
043 _aa-kn---
_an-us---
050 0 0 _aDS935.5
_b.C47 2012
082 0 0 _a951.93
_223
100 1 _aCha, Victor D.,
_d1961-
245 1 4 _aThe impossible state :
_bNorth Korea, past and future /
_cVictor Cha.
260 _aLondon :
_bRandom House,
_c2012.
300 _a529 pages :
_billustrations ;
_c20 cm
504 _aIncludes bibliographical references and index.
505 0 _aContradictions -- The Best Days -- All in the Family -- Five Bad Decisions -- The Worst Place on Earth -- The Logic of Deterrence -- Complete, Verifiable, and Irreversible Dismantlement (CVID) -- Neighbors -- Approaching Unification -- The End is Near.
520 _aLooks at the nation of North Korea, its history, social conditions, and place in world politics as it stands today and where it is likely to end up in the future.
650 0 _aPolitical culture
_zKorea (North)
_xHistory.
651 0 _aKorea (North)
_xPolitics and government.
651 0 _aKorea (North)
_xForeign relations
_zUnited States.
651 0 _aUnited States
_xForeign relations
_zKorea (North)
651 0 _aKorea (North)
_xSocial conditions.
906 _a7
_bcbc
_corignew
_d1
_eecip
_f20
_gy-gencatlg
942 _2ddc
_cBK
_n0
999 _c3396
_d3396